Paixões perigosas / (Record no. 198)

MARC details
000 -LÍDER
campo de controle de tamanho fixo 01813nam a2200313 4500
001 - NÚMERO DE CONTROLE
campo de controle 198
003 - IDENTIFICADOR DO NÚMERO DE CONTROLE
campo de controle OSt
005 - DATA E HORÁRIO DA ÚLTIMA TRANSAÇÃO
campo de controle 20250528074014.0
008 - CAMPO DE DADOS FIXOS--INFORMAÇÃO GERAL
campo de controle de tamanho fixo 250203b |||||||g |||| 00| 1 eng d
020 ## - ISBN - INTERNATIONAL STANDARD BOOK NUMBER
ISBN - International Standard Book Number 9788528612271
040 ## - FONTE DA CATALOGAÇÃO
Idioma da catalogação por
041 ## - CÓDIGO DE IDIOMA
Código do idioma do original e/ou traduções intermediárias do texto eng
Código do idioma do texto/trilha sonora ou título diferente por
082 ## - CDD - CLASSIFICAÇÃO DECIMAL DE DEWEY
Número de Classificação 813
Número do exemplar D353p
100 1# - ENTRADA PRINCIPAL--NOME PESSOAL
Nome pessoal Delinsky, Barbara,
Datas associadas ao nome 1945-
9 (RLIN) 360
240 ## - TÍTULO UNIFORME
Título uniforme The passions of Chelsea Kane
245 ## - TÍTULO
Título Paixões perigosas /
Indicação de responsabilidade, etc. Delinsky, Barbara ; Tradução de A. B. Pinheiro de Lemos
250 ## - EDIÇÃO
Declaração de edição 3° edição
260 ## - PUBLICAÇÃO, DISTRIBUIÇÃO, ETC.
Local de publicação, distribuição, etc. Rio de Janeiro
Nome do editor, distribuidor, etc. Bertrand Brasil
Data da publicação, distribuição, etc. 2013
300 ## - DESCRIÇÃO FÍSICA
Extensão 518 p.
520 ## - NOTA DE RESUMO, ETC.
Resumo, etc. Depois da morte de sua mãe adotiva, Chelsea Kane, 36 anos, é dominada pela necessidade de descobrir quem são seus pais biológicos. Ela tira uma folga de seu bem-sucedido escritório de arquitetura e vai para a pequena cidade onde nasceu, determinada a descobrir a verdade. Em sua busca, encontrará fortes desafios ao coração e ameaças graves à integridade física.<br/><br/><br/><br/>Originalmente escrito em 1992, "Paixões Perigosas", de Barbara Delinsky, está sendo relançado nos Estados Unidos numa luxuosa edição de capa dura, pois, segundo seu editor, "é um clássico, poderoso e inesquecível, talvez o melhor romance desta magnífica autora".<br/><br/><br/><br/>Poucas escritoras traduzem tão bem os problemas da alma feminina como a norte-americana Barbara Delinsky. Com personagens memoráveis e uma narrativa envolvente, Paixões Perigosas é o livro que garantiu à escritora um sucesso estrondoso no mundo inteiro. O Brasil estava à espera desse merecido êxito.<br/>
650 #0 - ASSUNTO--TERMO TÓPICO
Cabeçalho tópico ou nome geográfico Literatura Americana
9 (RLIN) 84
650 #0 - ASSUNTO--TERMO TÓPICO
Cabeçalho tópico ou nome geográfico Chick Lit
9 (RLIN) 363
650 #0 - ASSUNTO--TERMO TÓPICO
Cabeçalho tópico ou nome geográfico Amor e Paixão
9 (RLIN) 25
650 #0 - ASSUNTO--TERMO TÓPICO
Cabeçalho tópico ou nome geográfico Familia
9 (RLIN) 35
655 #0 - TERMO DE ÍNDICE--GÊNERO E FORMA
Gênero/forma/ou termo foco Romance
655 #0 - TERMO DE ÍNDICE--GÊNERO E FORMA
Gênero/forma/ou termo foco Ficção
700 ## - ENTRADA ADICIONADA - NOME PESSOAL
Nome pessoal A. B. Pinheiro de Lemos
Função do autor por extenso Tradutor
9 (RLIN) 109
942 ## - ELEMENTOS DE ENTRADA ADICIONADOS (KOHA)
Fonte de classificação ou esquema de arquivamento Classificação decimal de Dewey
Ocultar no OPAC Não
Tipo de material Koha Livros
Holdings
Situação do descarte Situação das perdas Fonte de classificação ou esquema de arquivamento Status danificado Não pode ser emprestado Coleção Biblioteca de origem Biblioteca atual Localização na estante Data de aquisição Fonte de aquisição Total de empréstimos Número de chamada completo Código de barras Data de último acesso Data do preço efetivo Tipo de material Koha
    Classificação decimal de Dewey     Ficção Biblioteca Professor Eduardo Afonso de Castro Biblioteca Professor Eduardo Afonso de Castro Literatura Estrangeira 02.02.2018 doação   813 / D353p 2025-15847 31.01.2025 31.01.2025 Livros

Powered by Koha